| 000 | 00694nam a2200181Ia 4500 | ||
|---|---|---|---|
| 008 | 151018s9999 xx 000 0 und d | ||
| 082 |
_bRBASDV50131 _a923.5 |
||
| 100 | _aज्ञानेश्वर मुळे | ||
| 245 | _aमाती पंख आणि आकाश | ||
| 250 | _b1 | ||
| 260 |
_bनवसाहित्य बुकस्टॉल प्रकाशन कर्नाटक _c2006 |
||
| 300 | _a245 | ||
| 600 | _aज्ञानेश्वर मुळे | ||
| 630 | _aमाती पंख आणि आकाश | ||
| 700 | _aज्ञानेश्वर मुळे | ||
| 730 | _aमाती पंख आणि आकाश | ||
| 942 | _cBOOK | ||
| 999 |
_c1049109 _d1049106 |
||